000 00441nam a2200181Ia 4500
001 20474
005 20260306172808.0
008 260306t1990||||xx |||||||||||||| ||spa||
041 _aESP
082 _a343.28504
_bS63
100 _aQuiroga León, Aníbal
_eAUT
245 0 _aSobre la jurisdicción constitucional
260 _c1990
300 _a312 páginas :
_c21 cm.
650 _aGEN
654 _aCDE
942 _cLIB
_dJUS
_fJUS
_2ddc
_n
999 _c20474
_d20474